[Event "ARM-ch HL 84th"]
[Site "Yerevan"]
[Date "2024.01.18"]
[Round "7"]
[White "Andriasian, Zaven"]
[Black "Petrosyan, Manuel"]
[Result "1/2-1/2"]
[WhiteElo "2581"]
[BlackElo "2627"]
[PlyCount "49"]
[EventDate "2024.01.12"]
[EventType "tourn"]
[EventRounds "9"]
[EventCountry "ARM"]
[EventCategory "10"]
[SourceTitle "CB04_2024"]
[SourceDate "2023.10.16"]
[SourceVersion "1"]
[SourceVersionDate "2023.10.16"]
[SourceQuality "1"]

1. e4 e5 2. Nf3 Nc6 3. Bc4 Bc5 4. d3 Nf6 5. Nbd2 0-0 6. 0-0 d6 7. c3 a5 8. Bb3 Be6 9. h3 Bxb3 10. Nxb3 Ba7 11. Be3 Bxe3 12. fxe3 a4 13. Nbd2 d5 14. Qe2 Qe7 15. Rad1 Rad8 16. a3 dxe4 17. Nxe4 Nxe4 18. dxe4 Qc5 19. Kh2 g6 20. h4 h6 21. h5 Kg7 22. Nh4 Qe7 23. Nf3 Qc5 24. Nh4 Qe7 25. Nf3 1/2-1/2

[Event "Wch Rapid"]
[Site "Samarkand"]
[Date "2023.12.27"]
[Round "6"]
[White "Petrosyan, Manuel"]
[Black "Amangeldy, Ernur"]
[Result "1-0"]
[WhiteElo "2619"]
[BlackElo "2134"]
[PlyCount "69"]
[EventDate "2023.12.26"]
[EventType "swiss (rapid)"]
[EventRounds "13"]
[EventCountry "UZB"]
[SourceTitle "CB01_2024"]
[SourceDate "2024.01.03"]
[SourceVersion "1"]
[SourceVersionDate "2024.01.03"]
[SourceQuality "1"]

1. e4 c5 2. Nf3 d6 3. Bb5+ Bd7 4. Bxd7+ Nxd7 5. 0-0 e6 6. c3 Ngf6 7. Qe2 Be7 8. d4 0-0 9. Rd1 cxd4 10. cxd4 d5 11. e5 Ne4 12. Ne1 h6 13. f3 Ng5 14. Nc3 Nb6 15. f4 Nh7 16. Nd3 Rc8 17. Be3 Nc4 18. Bf2 Qa5 19. Rdc1 Rc7 20. a4 a6 21. b3 Na3 22. Qb2 Qb6 23. Rxa3 Bxa3 24. Qxa3 Rfc8 25. a5 Qa7 26. Nc5 b6 27. axb6 Qxb6 28. b4 Nf8 29. Qa5 Qa7 30. Ra1 Ng6 31. Nb5 Rxc5 32. dxc5 Qb8 33. Nd6 Rd8 34. g3 Ne7 35. Qb6 1-0

[Event "FIDE Grand Swiss"]
[Site "Douglas"]
[Date "2023.11.02"]
[Round "8"]
[White "Korobov, Anton"]
[Black "Petrosyan, Manuel"]
[Result "1/2-1/2"]
[WhiteElo "2658"]
[BlackElo "2604"]
[PlyCount "78"]
[EventDate "2023.10.25"]
[EventType "swiss"]
[EventRounds "11"]
[EventCountry "IOM"]
[SourceTitle "Mega2024 Update 01"]
[Source "Chessbase"]
[SourceDate "2023.11.12"]
[SourceVersion "1"]
[SourceVersionDate "2023.11.12"]
[SourceQuality "1"]

1. Nf3 Nf6 2. c4 e6 3. Nc3 d5 4. e3 Bd6 5. b3 0-0 6. Bb2 c5 7. cxd5 exd5 8. d4 cxd4 9. Nxd4 Nc6 10. Be2 Nxd4 11. Qxd4 Re8 12. Rd1 Be5 13. Qd2 Bf5 14. 0-0 Rc8 15. Bf3 Ne4 16. Nxe4 dxe4 17. Qxd8 Rexd8 18. Rxd8+ Rxd8 19. Bxe4 Bxh2+ 20. Kxh2 Bxe4 21. Bd4 a6 22. Rc1 Bc6 23. Rc5 Rd5 24. a3 f6 25. Rxd5 Bxd5 26. b4 Bc6 27. f3 Kf7 28. e4 h5 29. Kg3 g5 30. Kf2 Kg6 31. Bb6 f5 32. exf5+ Kxf5 33. Bd8 g4 34. fxg4+ hxg4 35. g3 Ke4 36. Ke2 Kd4 37. Kd2 Ba4 38. b5 Bxb5 39. Kc2 Kc4 1/2-1/2

[Event "FIDE Grand Swiss"]
[Site "Douglas"]
[Date "2023.10.30"]
[Round "6"]
[White "Abasov, Nijat Azad"]
[Black "Petrosyan, Manuel"]
[Result "1/2-1/2"]
[WhiteElo "2679"]
[BlackElo "2604"]
[PlyCount "67"]
[EventDate "2023.10.25"]
[EventType "swiss"]
[EventRounds "11"]
[EventCountry "IOM"]
[SourceTitle "Mega2024 Update 01"]
[Source "Chessbase"]
[SourceDate "2023.11.12"]
[SourceVersion "1"]
[SourceVersionDate "2023.11.12"]
[SourceQuality "1"]

1. c4 Nf6 2. Nc3 e6 3. d4 Bb4 4. Qc2 0-0 5. a3 Bxc3+ 6. Qxc3 d6 7. g3 e5 8. Bg2 exd4 9. Qxd4 Nc6 10. Qc3 Re8 11. Bg5 Ne5 12. Nf3 h6 13. Bxf6 Qxf6 14. Nxe5 Qxe5 15. Qxe5 dxe5 16. 0-0-0 c6 17. Kc2 Kf8 18. Kc3 Bg4 19. Rd2 Rad8 20. Rhd1 Ke7 21. b4 f6 22. Rxd8 Rxd8 23. Rxd8 Kxd8 24. e3 Kc7 25. c5 g5 26. f4 Be2 27. fxe5 fxe5 28. Be4 b6 29. h4 bxc5 30. bxc5 Kd7 31. hxg5 hxg5 32. Bf5+ Ke7 33. Be4 Kd7 34. Bf5+ 1/2-1/2

[Event "FIDE Grand Swiss"]
[Site "Douglas"]
[Date "2023.10.27"]
[Round "3"]
[White "Petrosyan, Manuel"]
[Black "Santos Latasa, Jaime"]
[Result "1-0"]
[WhiteElo "2604"]
[BlackElo "2650"]
[PlyCount "103"]
[EventDate "2023.10.25"]
[EventType "swiss"]
[EventRounds "11"]
[EventCountry "IOM"]
[SourceTitle "Mega2024 Update 01"]
[Source "Chessbase"]
[SourceDate "2023.11.12"]
[SourceVersion "1"]
[SourceVersionDate "2023.11.12"]
[SourceQuality "1"]

1. e4 c5 2. Nf3 d6 3. d4 cxd4 4. Nxd4 Nf6 5. Nc3 a6 6. Bd3 e5 7. Nde2 Be7 8. 0-0 Be6 9. Ng3 Nbd7 10. Qf3 Bg4 11. Qe3 Be6 12. Qf3 g6 13. h3 h5 14. Rd1 Rc8 15. a4 Kf8 16. a5 Kg7 17. Nf1 Nb8 18. Nd5 Bxd5 19. exd5 Nbd7 20. b4 Nh7 21. c4 f5 22. Be2 Rf8 23. Qa3 Ng5 24. Nd2 Nf7 25. Bb2 Re8 26. Rac1 Kh7 27. Rc2 e4 28. Nb3 Bg5 29. Nd4 e3 30. Ne6 exf2+ 31. Kxf2 Qe7 32. Kg1 Bf6 33. Bf1 Bxb2 34. Qxb2 Ng5 35. Re2 Ne4 36. Qd4 Nf8 37. Nxf8+ Qxf8 38. Ree1 Qg7 39. Qb6 Qc7 40. Bd3 Qxb6+ 41. axb6 Kg7 42. Bxe4 fxe4 43. Rc1 e3 44. c5 Re4 45. c6 Rxb4 46. Rxe3 bxc6 47. Re7+ Kf8 48. Rh7 Kg8 49. Rc7 Rf8 50. b7 cxd5 51. Rf1 Re8 52. Rc8 1-0

[Event "FIDE Grand Swiss"]
[Site "Douglas"]
[Date "2023.10.25"]
[Round "1"]
[White "Petrosyan, Manuel"]
[Black "Tabatabaei, Mohammad Amin"]
[Result "0-1"]
[WhiteElo "2604"]
[BlackElo "2685"]
[PlyCount "106"]
[EventDate "2023.10.25"]
[EventType "swiss"]
[EventRounds "11"]
[EventCountry "IOM"]
[SourceTitle "Mega2024 Update 01"]
[Source "Chessbase"]
[SourceDate "2023.11.12"]
[SourceVersion "1"]
[SourceVersionDate "2023.11.12"]
[SourceQuality "1"]

1. e4 c5 2. Nf3 d6 3. Bb5+ Nd7 4. c3 Ngf6 5. Bd3 Qc7 6. 0-0 b6 7. Re1 Bb7 8. Bc2 Rc8 9. d4 cxd4 10. Nxd4 g6 11. b3 Nc5 12. c4 Bg7 13. Nc3 0-0 14. Bg5 a6 15. Nd5 Nxd5 16. exd5 e5 17. dxe6 Nxe6 18. Nxe6 fxe6 19. Rc1 Bb2 20. Rb1 Be5 21. Qg4 Qf7 22. Re2 b5 23. Bh6 Rfe8 24. Bd3 bxc4 25. Bxc4 Qf5 26. Qxf5 gxf5 27. Bd2 Kf7 28. f3 Kf6 29. Rd1 d5 30. Be1 Bb8 31. Bh4+ Kg6 32. Bd3 e5 33. g4 e4 34. Bb1 d4 35. Rde1 Ba7 36. Kf1 e3 37. Bxf5+ Kg7 38. Kg2 Rf8 39. Rd1 Rc5 40. Kg3 Rcxf5 41. gxf5 Rxf5 42. Rc2 Bb8+ 43. Kh3 Rxf3+ 44. Bg3 Be4 45. Rc4 Bxg3 46. hxg3 Bf5+ 47. Kg2 Rf2+ 48. Kg1 d3 49. g4 Bg6 50. Rc7+ Kh6 51. Re7 e2 52. Re1 Rf4 53. Kg2 Be4+ 0-1

[Event "AI Cup Play In"]
[Site "Chess.com INT"]
[Date "2023.09.18"]
[Round "3"]
[White "Yuan, Qingyu"]
[Black "Petrosyan, Manuel"]
[Result "0-1"]
[WhiteElo "2380"]
[BlackElo "2610"]
[PlyCount "97"]
[EventDate "2023.09.18"]
[EventType "swiss (rapid)"]
[EventRounds "9"]
[EventCountry "USA"]
[SourceTitle "EXT 2024"]
[Source "ChessBase"]
[SourceDate "2023.10.10"]
[SourceVersion "1"]
[SourceVersionDate "2023.10.10"]
[SourceQuality "1"]

1. e4 e5 2. Nf3 Nc6 3. Bb5 a6 4. Ba4 Nf6 5. d3 b5 6. Bb3 Bc5 7. Nc3 h6 8. Nd5 Rb8 9. c3 d6 10. a4 b4 11. a5 0-0 12. 0-0 bxc3 13. bxc3 Bg4 14. Bc4 Nxd5 15. exd5 Ne7 16. h3 Bc8 17. d4 exd4 18. Nxd4 Bb7 19. Qf3 Bxd4 20. cxd4 Qd7 21. Re1 Rbe8 22. Rb1 Bc8 23. Bd2 Qf5 24. Qxf5 Nxf5 25. Rxe8 Rxe8 26. Rb8 Kf8 27. Bc3 Ne7 28. Ra8 Bb7 29. Ra7 Rb8 30. Bxa6 Bxa6 31. Rxa6 Nxd5 32. Rc6 Ke7 33. Bd2 Rb1+ 34. Kh2 Rb2 35. Be3 Ra2 36. Ra6 f5 37. Kg3 g5 38. Kf3 f4 39. Ra8 fxe3 40. fxe3 Ra3 41. a6 Rxe3+ 42. Kg4 Re4+ 43. Kh5 Kf6 44. g3 Kg7 45. Rf8 Kxf8 46. Kxh6 Rxd4 47. a7 Ra4 48. Kxg5 Rxa7 49. h4 0-1

[Event "Uralsk op"]
[Site "Uralsk"]
[Date "2023.07.28"]
[Round "9"]
[White "Petrosyan, Manuel"]
[Black "Ter Sahakyan, Samvel"]
[Result "1/2-1/2"]
[WhiteElo "2627"]
[BlackElo "2604"]
[PlyCount "33"]
[EventDate "2023.07.21"]
[EventType "swiss"]
[EventRounds "9"]
[EventCountry "KAZ"]
[SourceTitle "EXT 2024"]
[Source "ChessBase"]
[SourceDate "2023.10.10"]
[SourceVersion "1"]
[SourceVersionDate "2023.10.10"]
[SourceQuality "1"]

1. e4 c5 2. Nf3 d6 3. Bb5+ Bd7 4. Bxd7+ Nxd7 5. 0-0 Ngf6 6. Re1 e6 7. c3 Be7 8. d4 0-0 9. e5 Ne8 10. Qe2 cxd4 11. cxd4 Nb6 12. Qe4 Qd7 13. Bg5 Nd5 14. Nbd2 Rc8 15. Nf1 h6 16. Bxe7 Nxe7 17. Ng3 1/2-1/2